000 005220000a22001690004500
090 _aAR
_b01519
245 1 0 _aBats, flowers and fruit: evolutionary relationships in the old world
650 1 4 _aEvolución
_992797
650 1 4 _aMigraciones
_916308
650 1 4 _aPolinización
_994027
650 1 4 _aDispersión de semillas
_992588
653 _fPteropodidae
041 0 _aInglés
100 1 _aMarshall, Adrian G.
_994875
942 _cARTICULO
773 1 _tBiological Journal of the Linnean Society
_3166
_h20
_q115-135
_d1983
999 _c10602
_d10602